| 000 | 00494nmm a2200157Ia 4500 | ||
|---|---|---|---|
| 008 | 251105s9999||||xx |||||||||||||||||und|| | ||
| 020 | _a848280183X | ||
| 041 | _aspa | ||
| 100 | _aMallarino Botero, Gonzalo | ||
| 245 | 0 | _aGuía de lectura de : Los viajes de Gulliver, de Jonathan Swift | |
| 264 |
_a[Bogotá, Colombia] : _bOveja Negra, _c1993 |
||
| 300 | _a31 páginas | ||
| 650 | _aOther Literatures and languages | ||
| 856 | _uhttps://public.digitaliapublishing.com/a/29493 | ||
| 942 | _cCF | ||
| 999 |
_c73713 _d73713 |
||